000 00859nam a2200241Ia 4500
003 OSt
005 20220925195240.0
006 a|||||r|||| 00| 0
007 ta
008 220923b |||||||| |||| 00| 0 eng d
020 _a9781848447639
_c4234.5600000000004
037 _b29931, 09/07/2010, Segment Book Distrobutors
_cGeneral Book
040 _aRTL
_cRTL
_beng
041 _2eng
_aeng
082 _aXxM24xM18, Q0
100 _aPack Spencer J.
_9253901
245 0 _aAristotle, Adam Smith and Karl Marx
_b On some fundamental issues in 21st century political economy.
260 _aCheltenham
_bEdward Elgar
_c2010
300 _axv, 260p Bibliography: P 228-51
_ccm.
650 _aEconomics
942 _hXxM24xM18, Q0
_cGB
_2CC
999 _c532312
_d532312